000 00567nam a2200205Ia 4500
003 IN-BaIIA
005 20260116095547.0
008 211028s9999 xx 000 0 eng d
020 _a0-85229-397-6
040 _cIIA Library
080 _a058:5
_bYEA-83
110 _aEncyclopedia Britannica
_910946
245 0 _aYearbook of science and the future 1983
_cEncyclopedia Britannica
260 _aChicago
_bEncyclopaedia Britannica
_c1983
300 _a445p
650 _aNASA Thesaurus
650 _aScience
_91299
650 _aYear Books
_93953
942 _cBK
_2ddc
999 _c7340
_d7340